MARC details
| 000 -LÍDER |
| campo de controle de tamanho fixo |
02552nam a2200361 4500 |
| 001 - NÚMERO DE CONTROLE |
| campo de controle |
68 |
| 003 - IDENTIFICADOR DO NÚMERO DE CONTROLE |
| campo de controle |
OSt |
| 005 - DATA E HORÁRIO DA ÚLTIMA TRANSAÇÃO |
| campo de controle |
20250528074010.0 |
| 008 - CAMPO DE DADOS FIXOS--INFORMAÇÃO GERAL |
| campo de controle de tamanho fixo |
250123b |||||||j |||| 00| 1 eng d |
| 040 ## - FONTE DA CATALOGAÇÃO |
| Idioma da catalogação |
por |
| 041 ## - CÓDIGO DE IDIOMA |
| Código do idioma do original e/ou traduções intermediárias do texto |
eng |
| Código do idioma do texto/trilha sonora ou título diferente |
por |
| 082 ## - CDD - CLASSIFICAÇÃO DECIMAL DE DEWEY |
| Número de Classificação |
813 |
| Número do exemplar |
B811c |
| 100 1# - ENTRADA PRINCIPAL--NOME PESSOAL |
| Nome pessoal |
Bradley, Marion Zimmer, |
| Datas associadas ao nome |
1930-1999 |
| 9 (RLIN) |
169 |
| 240 ## - TÍTULO UNIFORME |
| Título uniforme |
Thendara House |
| 245 ## - TÍTULO |
| Título |
A casa de Thendara / |
| Indicação de responsabilidade, etc. |
Bradley, Marion Zimmer ; Tradução de A. B. Pinheiro de Lemos |
| 250 ## - EDIÇÃO |
| Declaração de edição |
3° edição |
| 260 ## - PUBLICAÇÃO, DISTRIBUIÇÃO, ETC. |
| Local de publicação, distribuição, etc. |
Rio de Janeiro |
| Nome do editor, distribuidor, etc. |
Imago |
| Data da publicação, distribuição, etc. |
1990 |
| 300 ## - DESCRIÇÃO FÍSICA |
| Extensão |
450 p. |
| 490 1# - TÍTULO DA SÉRIE |
| Título da série |
Darkover |
| 520 ## - NOTA DE RESUMO, ETC. |
| Resumo, etc. |
Magda e Jaelle se tornaram amigas depois de enfrentarem perigos terríveis em Darkover, o planeta misterioso, colonizado a mil anos pelos passageiros e tripulantes de uma espaçonave da terra, que se extraviou após sofrer avarias irreparáveis, desviando-se de sua rota.<br/>O desenvolvimento histórico da civilização em Darkover foi diferente de tudo o que a sociedade humana havia conhecido, dando margem a um choque cultural quando espaçonaves terráqueas pousam no planeta e o Império ali estabelece uma base.<br/>Agora, Magda, a terráquea, embora criada em Darkover, torna-se uma Amazona Livre e vai fazer seu aprendizado na Casa da Guilda de Thendara, enquanto Jaelle, a darkovana, casa com um terráqueo, Peter, ex-marido de Magda, e vai trabalhar na base do Império.<br/>Para Magda, o choque é a descoberta da luta das mulheres numa sociedade que lhes impõe todas as restrições e um papel secundário, a perspectiva da consideração do amor entre mulheres como uma coisa natural e o despertar de seu laran, o misterioso poder paranormal que existe em Darkover.<br/>Para Jaelle, o choque é o contato com uma sociedade altamente tecnológica, em que a mulher aparentemente conquistou a igualdade, mas na qual ainda persiste o desejo do homem de possuí-la e dominá-la.<br/>Entre as intrigas do Comyn, a aristocracia que domina a sociedade de Darkover, e dos altos representantes do Império, empenhados em fazer com que o planeta se conforme a suas normas e aceite uma plena integração, Magda e Jaelle lutam para se afirmarem como pessoas, não apenas como mulheres. |
| 650 #0 - ASSUNTO--TERMO TÓPICO |
| Cabeçalho tópico ou nome geográfico |
Literatura Americana |
| 9 (RLIN) |
84 |
| 650 #0 - ASSUNTO--TERMO TÓPICO |
| Cabeçalho tópico ou nome geográfico |
Ficção Científica |
| 9 (RLIN) |
63 |
| 650 #0 - ASSUNTO--TERMO TÓPICO |
| Cabeçalho tópico ou nome geográfico |
Fantasia |
| 9 (RLIN) |
45 |
| 650 #0 - ASSUNTO--TERMO TÓPICO |
| Cabeçalho tópico ou nome geográfico |
Seres de outro planeta |
| 9 (RLIN) |
222 |
| 650 #0 - ASSUNTO--TERMO TÓPICO |
| Cabeçalho tópico ou nome geográfico |
Aventura |
| 9 (RLIN) |
47 |
| 650 #0 - ASSUNTO--TERMO TÓPICO |
| Cabeçalho tópico ou nome geográfico |
Mitologia |
| 9 (RLIN) |
128 |
| 650 #0 - ASSUNTO--TERMO TÓPICO |
| Cabeçalho tópico ou nome geográfico |
Emponderamento |
| 9 (RLIN) |
32 |
| 655 #0 - TERMO DE ÍNDICE--GÊNERO E FORMA |
| Gênero/forma/ou termo foco |
Romance |
| 655 #0 - TERMO DE ÍNDICE--GÊNERO E FORMA |
| Gênero/forma/ou termo foco |
Ficção |
| 700 ## - ENTRADA ADICIONADA - NOME PESSOAL |
| Nome pessoal |
A. B. Pinheiro de Lemos |
| Função do autor por extenso |
Tradutor |
| 9 (RLIN) |
109 |
| 830 ## - ENTRADA SECUNDÁRIA DE SÉRIE--TÍTULO UNIFORME |
| Título uniforme |
Darkover |
| 9 (RLIN) |
173 |
| 942 ## - ELEMENTOS DE ENTRADA ADICIONADOS (KOHA) |
| Fonte de classificação ou esquema de arquivamento |
Classificação decimal de Dewey |
| Ocultar no OPAC |
Não |
| Tipo de material Koha |
Livros |